000 00926nam a2200301Ia 4500
001 Para_7709
003 CHAP
008 220125s1922 xx 000 0 und d
010 _a206728
040 _cCHAP
082 _aPA-C 595.77 D5
100 _aMoore, J. Percy
_9173030
245 _aUse of fishes for control of mosquitoes in northen fresh waters of the United States /
_c by J. Percy Moore
260 _aWashington :
_b Department of Commerce
300 _a60 p.
440 _aDípteras ; 2
_9173031
500 _aEncuadernado con impresas similares
650 _aControl biológico de insectos
_927582
650 _aDípteros
_x colecciones de escritos
_933718
650 _aPescado
_x toxicología
_987460
901 _aPA-C 595.77 D5
902 _aA
905 _a0000001922 f 0000000000 00
910 _a1922
942 _cPARA
942 _cPARA
_d1
999 _c206728
_d206728